| 000 | 00653nam a2200241Ia 4500 | ||
|---|---|---|---|
| 001 | 3878 | ||
| 003 | GE_BSU | ||
| 008 | 181216s||||||||xx |||||||||||||| ||und|| | ||
| 040 | _cGE_BSU | ||
| 080 | _a621.371 | ||
| 100 | _aДолуханов,М.П. | ||
| 245 | _aРаспространение радиоволн. | ||
| 245 | _bУчебник для вузов. | ||
| 245 | _cРед.М.Е.Яунсилс. | ||
| 260 | _aМ. | ||
| 260 | _bСвязь. | ||
| 260 | _c1972. | ||
| 300 | _a336стр.с илл.21см.библ. | ||
| 300 | _eтабл. | ||
| 541 | _h20 л. | ||
| 653 | _aРаспространение радиоволн. | ||
| 942 | _cBK | ||
| 999 |
_c37900 _d37900 |
||